00327nam a22001097a 4500003000400000082001400004100002000018245011100038260003600149300000800185650002400193SGT a150bE21K aKM Anshu Kumari aEffect of Mindfulness Intervention On Resilience Coping Responses And Depression Among Orphan Adolescents  aGURUGRAM bSGT UNIVERSITYc2021 a132 aCLINICAL PSYCHOLOGY